| 000 | 00665nam a2200217 a 4500 | ||
|---|---|---|---|
| 005 | 20240919064747.0 | ||
| 008 | 030903s1992 mx r 000 0 spa d | ||
| 020 | _a8477381461 | ||
| 035 | _aUPN01000128412 | ||
| 049 | _aCG | ||
| 050 | 4 |
_aLA621.4 _bN3.3 |
|
| 100 | 1 | _aNava Rodríguez, María Teresa | |
| 245 | 1 | 3 |
_aLa educación en la europa moderna / _cTeresa Nava Rodríguez. |
| 260 |
_aMadrid : _bSíntesis, _c1992. |
||
| 300 |
_a231 p. : _bil. |
||
| 440 | 0 |
_aHistoria universal moderna ; _v10 |
|
| 650 | 4 |
_aEDUCACION - _zEUROPA - _xHISTORIA _97390 |
|
| 650 | 4 |
_aEducación _xAspectos sociales _95311 |
|
| 651 | 4 |
_aEUROPA - _xVIDA INTELECTUAL |
|
| 905 | _aLibro | ||
| 999 |
_c100591 _d100591 |
||